All Katy Perry Songs - Statistics

General Stats
  • This quiz has been taken 296 times
    274 since last reset
  • The average score is 31 of 106
Answer Stats
Album Song % Correct
Teenage Dream Teenage Dream
92%
Prism Roar
89%
Teenage Dream California Gurls
88%
One of the Boys I Kissed a Girl
84%
Teenage Dream Firework
82%
Prism Dark Horse
78%
Teenage Dream Last Friday Night (T.G.I.F.)
76%
One of the Boys Hot N Cold
74%
Teenage Dream E.T.
68%
Ur So Gay Ur So Gay
68%
Teenage Dream: The Complete Confection Part of Me
67%
Witness Swish Swish
66%
Smile Smile
64%
Teenage Dream: The Complete Confection Wide Awake
63%
Teenage Dream The One That Got Away
61%
Witness Bon Appétit
60%
One of the Boys One of the Boys
60%
Witness Witness
57%
Witness Chained to the Rhythm
56%
Prism Birthday
53%
One of the Boys Waking Up in Vegas
49%
Teenage Dream Peacock
48%
Prism This Is How We Do
48%
Prism Unconditionally
48%
Smile Never Really Over
47%
Smile Harleys in Hawaii
44%
Smile Daisies
43%
Single #2 Rise
37%
One of the Boys Thinking of You
35%
Witness Hey Hey Hey
34%
Single #5 365
33%
Teenage Dream Circle the Drain
32%
Teenage Dream Hummingbird Heartbeat
32%
Prism Legendary Lovers
32%
Prism Walking on Air
31%
Teenage Dream Not Like the Movies
30%
Teenage Dream Pearl
30%
Smile Never Worn White
29%
Prism International Smile
28%
Single #7 Electric
27%
Prism Ghost
27%
Prism By the Grace of God
26%
Smile Champagne Problems
25%
Prism Love Me
25%
One of the Boys Mannequin
25%
Teenage Dream: The Complete Confection Dressin' Up
24%
Witness Roulette
24%
Teenage Dream Who Am I Living For?
24%
Smile Cry About It Later
23%
Smile Small Talk
23%
Witness Déjà Vu
22%
Witness Save as Draft
22%
One of the Boys Fingerprints
21%
Prism It Takes Two
21%
Ur So Gay Lost
21%
Smile Not the End of the World
21%
Witness Power
21%
Smile Tucked
21%
One of the Boys If You Can Afford Me
20%
Witness Mind Maze
20%
Witness Tsunami
20%
Witness Bigger Than Me
19%
One of the Boys I'm Still Breathing
19%
Witness Pendulum
19%
One of the Boys Self Inflicted
19%
Prism This Moment
19%
Witness Act My Age
18%
Witness Into Me You See
18%
Smile Resilient
18%
Teenage Dream Starstrukk
18%
Smile Teary Eyes
18%
Smile What Makes a Woman
18%
Prism Choose Your Battles
17%
Single #6 Con Calma (Remix)
17%
Single #4 Cozy Little Christmas
17%
Witness Dance with the Devil
17%
Smile Only Love
17%
Prism Spiritual
17%
Teenage Dream If We Ever Meet Again
16%
Witness Miss You More
16%
MTV Unplugged Hackensack
12%
MTV Unplugged Brick by Brick
11%
One of the Boys I Think I'm Ready
11%
Katy Hudson Trust in Me
10%
Ur So Gay Use Your Love
10%
Katy Hudson My Own Monster
8%
Katy Hudson Piercing
8%
Katy Hudson Spit
8%
Katy Hudson Growing Pains
7%
Katy Hudson Last Call
7%
Katy Hudson Naturally
7%
Katy Hudson When There's Nothing Left
7%
Katy Hudson Faith Won't Fail
6%
Smile High On Your Supply
6%
Katy Hudson Search Me
6%
Teenage Dream: The Complete Confection Tommie Sunshine's Megasix Smash-Up
6%
The Hello Katy Australian Tour EP Black & Gold
5%
The Hello Katy Australian Tour EP Electric Feel
5%
Single Every Day Is a Holiday
5%
Prism Burning Baby Blue
3%
Prism From a Meow to a Roar
3%
Prism Queen of the Jungle
3%
Prism Satin Cape
3%
Prism The Third Coming
3%
Single #3 Immortal Flame
2%
Prism Double Moment
1%
No matching quizzes found
Score Distribution
Percent of People with Each Score
Percentile by Number Answered
Your Score History
You have not taken this quiz since the last reset